Normal view MARC view
  • Mercedes automobiles

Entry Topical Term

Number of records used in: 1

001 - CONTROL NUMBER

  • control field: 120094

003 - CONTROL NUMBER IDENTIFIER

  • control field: DLC

005 - DATE AND TIME OF LATEST TRANSACTION

  • control field: 20180731105450.0

008 - FIXED-LENGTH DATA ELEMENTS

  • fixed length control field: 060213 n anannbabn za ana

010 ## - LIBRARY OF CONGRESS CONTROL NUMBER

  • LC control number: sh 85083748

035 ## - SYSTEM CONTROL NUMBER

  • System control number: (TR-AnTOB)120094

040 ## - CATALOGING SOURCE

  • Original cataloging agency: DLC
  • Transcribing agency: DLC
  • Modifying agency: DLC
  • Modifying agency: TR-AnTOB

150 ## - HEADING--TOPICAL TERM

  • Topical term or geographic name entry element: Mercedes automobiles

450 ## - SEE FROM TRACING--TOPICAL TERM

  • Control subfield: nne
  • Topical term or geographic name entry element: Mercedes automobile

450 ## - SEE FROM TRACING--TOPICAL TERM

  • Topical term or geographic name entry element: Mercedes-Benz automobiles

450 ## - SEE FROM TRACING--TOPICAL TERM

  • Topical term or geographic name entry element: Mercedes otomobilleri

450 ## - SEE FROM TRACING--TOPICAL TERM

  • Topical term or geographic name entry element: Mercedes arabaları

450 ## - SEE FROM TRACING--TOPICAL TERM

  • Topical term or geographic name entry element: Mercedes-Benz otomobiller

550 ## - SEE ALSO FROM TRACING--TOPICAL TERM

  • Control subfield: g
  • Topical term or geographic name entry element: DaimlerChrysler automobiles

672 ## - TITLE RELATED TO THE ENTITY

  • Bibliographic record control number: 200429713

750 ## - ESTABLISHED HEADING LINKING ENTRY--TOPICAL TERM

  • Authority record control number or standard number: (DLC)sh 85083748
  • Source of heading or term: lcsh

750 ## - ESTABLISHED HEADING LINKING ENTRY--TOPICAL TERM

  • Authority record control number or standard number: (TR-AnTOB)120095
  • Source of heading or term: etuturkob
Devinim Yazılım Eğitim Danışmanlık tarafından Koha'nın orjinal sürümü uyarlanarak geliştirilip kurulmuştur.